000
00255nam a2200109Ia 4500
008
190216s9999||||xx |||||||||||||| ||und||
100
_a
Dr.Lakshmi Sagar
245
0
_a
Hindi-Sarvathma Darshan
260
_b
Saraswathi Press
650
_a
Hindi
942
_c
BK
999
_c
15264
_d
15264